000 00805npm a2200229 i 4500
001 5272
003 ES-MaACL
005 20230909115222.0
007 hzrazu bucu
008 900427r19901787sp a 00010 spa d
080 _a86-4"17"
080 _a86(Santos,F.7 N.01)
100 1 _aSantos, Francisco.
_9103474
245 1 0 _aEl No importa de EspaƱa, loco politico y mudo pregonero
_b: [Microforma] /
_ccompuesto por Francisco Santos.
260 _aMadrid :
_bAteneo Cientifico, Literario y Artistico,
_c1990.
300 _a1 carrete de microfilme :
_bnegativo ;
_c16 mm.
500 _aPublicado originalmente: Madrid, Isidoro de Hernandez Pacheco, 1787.
650 1 4 _aObras anteriores a 1800.
_915661
852 _aES-MaACL
_jMC-389
_95389
942 _2udc
_cMICROFORMA
999 _c5272
_d5272